The Queen on the Application of Sinclair Investments (Kensington) Limited (Appellant) v The Lands Tribunal (Respondent), Manuela Da Graca (1st Interested Party), Timothy O'Keefe (2nd Interested Party) (Record no. 76268)
[ view plain ]
| 000 -LEADER | |
|---|---|
| fixed length control field | 01405cab a2200193 4500 |
| 001 - CONTROL NUMBER | |
| control field | ##L131768 |
| 008 - FIXED-LENGTH DATA ELEMENTS--GENERAL INFORMATION | |
| fixed length control field | 051207n2005 000 0 eng u |
| 035 ## - SYSTEM CONTROL NUMBER | |
| System control number | (Sirsi) u131768 |
| 041 0# - LANGUAGE CODE | |
| Language code of text/sound track or separate title | eng |
| 245 04 - TITLE STATEMENT | |
| Title | The Queen on the Application of Sinclair Investments (Kensington) Limited (Appellant) v The Lands Tribunal (Respondent), Manuela Da Graca (1st Interested Party), Timothy O'Keefe (2nd Interested Party) |
| 260 ## - PUBLICATION, DISTRIBUTION, ETC. | |
| Date of publication, distribution, etc. | 2005 |
| 520 ## - SUMMARY, ETC. | |
| Summary, etc. | [2005] EWCA Civ 1305, 8 November 2005. Considers whether the Lands Tribunal Act 1949 s3(4) prevents an application for judicial review. S appealed against an earlier decision to refuse its application for judicial review, on the grounds that s3(4) did not allow for an appeal to CA and that there were no exceptional circumstances, of the LT's refusal to permit an appeal from a Leasehold Valuation Tribunal (LVT) determination. "Held": the appeal was dismissed as the LTs refusal could not be appealed to CA under s3(4) and the circumstances were not exceptional. |
| 590 ## - LOCAL NOTE (RLIN) | |
| Local note | IKA061205 |
| 650 24 - SUBJECT ADDED ENTRY--TOPICAL TERM | |
| Topical term or geographic name entry element | R V LANDS TRIBUNAL AND OTHERS EX P SINCLAIR INVESTMENTS (KENSINGTON) LTD |
| 650 24 - SUBJECT ADDED ENTRY--TOPICAL TERM | |
| Topical term or geographic name entry element | R V WANDWORTH COUNTY COURT AND OTHERS EX P SIVASUBRAMANIAM |
| 690 ## - LOCAL SUBJECT ADDED ENTRY--TOPICAL TERM (OCLC, RLIN) | |
| Topical term or geographic name as entry element | MANAGEMENT-DISPUTE AVOIDANCE, MANAGEMENT AND RESOLUTION |
| 856 40 - ELECTRONIC LOCATION AND ACCESS | |
| Uniform Resource Identifier | <a href="https://www.bailii.org/ew/cases/EWCA/Civ/2005/1305.html">https://www.bailii.org/ew/cases/EWCA/Civ/2005/1305.html</a> |
| Public note | View the judgment free of charge at www.bailii.org |
| 942 ## - ADDED ENTRY ELEMENTS (KOHA) | |
| Suppress in OPAC | 0 |
| Withdrawn status | Lost status | Source of classification or shelving scheme | Damaged status | Not for loan | Home library | Current library | Shelving location | Date acquired | Total Checkouts | Full call number | Barcode | Date last seen | Copy number | Price effective from | Koha item type |
|---|---|---|---|---|---|---|---|---|---|---|---|---|---|---|---|
| Dewey Decimal Classification | Virtual | Virtual | Online | 07/12/2005 | ONLINE PUBLICATION | 131768-1001 | 06/08/2019 | 1 | 06/08/2019 | Law report |